Siete teorías de la sociedad

Furkejuvvon:
Bibliográfalaš dieđut
Váldodahkki: Campbell, Tom (Dahkki)
Materiálatiipa: Girji
Giella:espánnjágiella
Almmustuhtton: Madrid Cátedra 1994
Preanttus:4a. ed
Ráidu:Colección Teorema
Fáttát:
Fáddágilkorat: Lasit fáddágilkoriid
Eai fáddágilkorat, Lasit vuosttaš fáddágilkora!

MARC

LEADER 00000cam a2200000 a 4500
001 UCD2927
003 CL-VaPUC
005 20241212091200.0
008 160520e19940000sp |||||||||||||||||spa|d
999 |c 364036  |d 364034 
020 |a 8437605253 
040 |c Pontificia Universidad Católica de Valparaíso 
082 0 4 |a 301  |b CAM  |2 21 
100 0 |a Campbell, Tom  |e author  |9 586329 
245 1 0 |a Siete teorías de la sociedad 
250 |a 4a. ed 
260 |a Madrid  |b Cátedra  |c 1994 
300 |a 275 p 
490 0 |a Colección Teorema 
583 |a last modification  |c 20160715 09:15:42  |k Rodrigo Vera 
600 0 |a Aristóteles,  |d 384 a.C.- 322 a.C.  |9 194 
600 0 |a Hobbes, Thomas  |d 1588-1679  |9 860396 
600 0 |a Smith, Adam   |e autor   |9 345876 
600 0 |a Marx, Karl Heinrich,  |d 1818-1883  |9 861123 
650 0 |a Sociología   |9 255410 
650 0 |a Ciencias sociales   |9 256351 
650 0 |a Fenomenología  |9 256519 
650 0 |a Individualismo  |9 313336 
942 |c BK  |2 ddc 
945 |d 20160520 11:34:00  |a dcastane 
952 |0 0  |1 0  |3 erb  |4 0  |6 301_000000000000000_CAM_1994  |7 0  |8 A  |9 476947  |a FDOHBE  |b FDOHBE  |e Huesbe Llanos, Marco Antonio, 1934-  |i 5304059  |o 301 CAM 1994  |p 5304059  |r 2024-01-30  |w 2019-11-24  |y BK  |z Catalogado en:20160520  |k HBE